000 00215 a2200097 4500
001 24567
100 _aMuller, A
245 _aThe Seven Wonders of the World
260 _a
_bWeidenfeld
_c1969
090 _c16617
_d16617
942 _aNUST-CAE
_cM
_c7355
999 _c259640
_d259640